000 00798nam a2200229Ii 4500
003 JO-AjNU
008 230605s9999||||xx |||||||||||||| ||und||
017 _a2008/1/118
020 _a978-9957-00-344-9
040 _aJO-AjNU
_bara
_erda
_cJO-AjNU
041 _aara
050 1 4 _aHV697 .B37 2008
100 3 _aتأليف: البريثن، عبدالعزيز عبدالله,
_eauthor
_922748
245 0 0 _aالارشاد الاسري = Family Counseling
250 _aط1 العربية
264 3 1 _aعمان: دار الشروق، 2008
300 _a223ص
_bيحتوي على ببلوغرافية من 221-223ص
336 _atext
_btxt
_2rdacontent
337 _aunmediated
_bn
_2rdamedia
338 _avolume
_bnc
_2rdacarrier
650 4 _aالاسرة - الارشاد الاسري
_922749
999 _aA8123
_c11691
_d11691